Every ATP Tournament won by Jannik Sinner - Statistics

General Stats
  • This quiz has been taken 72 times
    6 since last reset
  • The average score is 20 of 29
Answer Stats
Year ATP Title % Correct
2024 Australian Open
100%
2025 Australian Open
100%
2023 Beijing
100%
2025 Beijing
100%
2024 Cincinnati
100%
2026 Indian Wells
100%
2026 Madrid
100%
2026 Miami
100%
2024 Miami
100%
2026 Montecarlo
100%
2024 US Open
100%
2025 Wimbledon
100%
2024 Halle
80%
2025 Paris
80%
2024 Shanghai
80%
2024 ATP Finals
60%
2025 ATP Finals
60%
2020 Sofia
60%
2021 Sofia
60%
2023 Toronto
60%
2023 Vienna
60%
2025 Vienna
60%
2024 Rotterdam
40%
2022 Umag
40%
2021 Washington D.C.
40%
2023 Montpellier
20%
2021 Antwerp
0%
2021 Melbourne
0%
2019 Next Gen Finals
0%
No matching quizzes found
Score Distribution
Percent of People with Each Score
Percentile by Number Answered
Your Score History
You have not taken this quiz since the last reset